Managing recreation, parks, and leisure services : (Record no. 426)
[ view plain ]
| 000 -LEADER | |
|---|---|
| fixed length control field | 01408cam a2200397Ia 4500 |
| 003 - CONTROL NUMBER IDENTIFIER | |
| control field | ALUPE UNIVERSITY |
| 005 - DATE AND TIME OF LATEST TRANSACTION | |
| control field | 20210614080637.0 |
| 008 - FIXED-LENGTH DATA ELEMENTS--GENERAL INFORMATION | |
| fixed length control field | 010416s2001 ilua b 001 0 eng d |
| 020 ## - INTERNATIONAL STANDARD BOOK NUMBER | |
| International Standard Book Number | 1571674780 |
| 040 ## - CATALOGING SOURCE | |
| Transcribing agency | FUG |
| 049 ## - LOCAL HOLDINGS (OCLC) | |
| Holding library | TXAM |
| 050 #4 - LIBRARY OF CONGRESS CALL NUMBER | |
| Classification number | GV181.5 |
| Item number | .E33 2001 |
| 100 1# - MAIN ENTRY--PERSONAL NAME | |
| Personal name | Edginton, Christopher R. |
| 245 10 - TITLE STATEMENT | |
| Title | Managing recreation, parks, and leisure services : |
| Remainder of title | an introduction / |
| Statement of responsibility, etc. | Christopher R. Edginton, Susan D. Hudson, Samuel V. Lankford. |
| 250 ## - EDITION STATEMENT | |
| Edition statement | 2nd ed. |
| 264 #1 - PRODUCTION, PUBLICATION, DISTRIBUTION, MANUFACTURE, AND COPYRIGHT NOTICE | |
| Place of production, publication, distribution, manufacture | Champaign, Ill. : |
| Name of producer, publisher, distributor, manufacturer | Sagamore Pub., |
| Date of production, publication, distribution, manufacture, or copyright notice | [2001] |
| 264 #4 - PRODUCTION, PUBLICATION, DISTRIBUTION, MANUFACTURE, AND COPYRIGHT NOTICE | |
| Date of production, publication, distribution, manufacture, or copyright notice | �2001 |
| 300 ## - PHYSICAL DESCRIPTION | |
| Extent | xii, 496 pages : |
| Other physical details | illustrations ; |
| Dimensions | 25 cm. |
| 336 ## - CONTENT TYPE | |
| Content type term | text |
| Content type code | txt |
| Source | rdacontent |
| 337 ## - MEDIA TYPE | |
| Media type term | unmediated |
| Media type code | n |
| Source | rdamedia |
| 338 ## - CARRIER TYPE | |
| Carrier type term | volume |
| Carrier type code | nc |
| Source | rdacarrier |
| 500 ## - GENERAL NOTE | |
| General note | First edition published under the title: Productive management of leisure service organizations. |
| 504 ## - BIBLIOGRAPHY, ETC. NOTE | |
| Bibliography, etc. note | Includes bibliographical references and index. |
| 650 #0 - SUBJECT ADDED ENTRY--TOPICAL TERM | |
| Topical term or geographic name entry element | Recreation |
| General subdivision | Management. |
| 650 #0 - SUBJECT ADDED ENTRY--TOPICAL TERM | |
| Topical term or geographic name entry element | Recreation leadership. |
| 650 #0 - SUBJECT ADDED ENTRY--TOPICAL TERM | |
| Topical term or geographic name entry element | Leisure |
| General subdivision | Management. |
| 650 #0 - SUBJECT ADDED ENTRY--TOPICAL TERM | |
| Topical term or geographic name entry element | Parks |
| General subdivision | Management. |
| 700 1# - ADDED ENTRY--PERSONAL NAME | |
| Personal name | Hudson, Susan D. |
| 700 1# - ADDED ENTRY--PERSONAL NAME | |
| Personal name | Lankford, Sam, |
| Dates associated with a name | 1955- |
| 942 ## - ADDED ENTRY ELEMENTS (KOHA) | |
| Source of classification or shelving scheme | |
| Koha item type | Book |
| Suppress in OPAC | DO |
| 948 ## - LOCAL PROCESSING INFORMATION (OCLC); SERIES PART DESIGNATOR (RLIN) | |
| Series part designator, SPT (RLIN) | cataloged |
| b (OCLC) | h |
| c (OCLC) | 2005/3/23 |
| d (OCLC) | c |
| e (OCLC) | jgreene |
| f (OCLC) | 5:13:05 pm |
| Withdrawn status | Lost status | Source of classification or shelving scheme | Damaged status | Not for loan | Permanent Location | Current Location | Shelving location | Date acquired | Total Checkouts | Full call number | Barcode | Date last seen | Price effective from | Koha item type | Public note |
|---|---|---|---|---|---|---|---|---|---|---|---|---|---|---|---|
| AU LIBRARY | AU LIBRARY | Open Shelf | 14.06.2021 | GV181.5 .E33 2001 | 28000574 | 14.06.2021 | 14.06.2021 | Book | DO |